LEADER 01020cam0 2200265 450 001 E600200007028 005 20210721085159.0 100 $a20041110d1997 |||||ita|0103 ba 101 $aeng 102 $aGB 200 1 $aEvidence for Christianity in Roman Southern Pannonia (Northern Croatia)$eA catalogue of finds and sites$fBranka Migotti 210 $aOxford$cArchaeopress$d1997 215 $aVI, 118 p.$cill.$d30 cm 225 2 $aBAR International Series$v684 410 1$1001LAEC00019741$12001 $a*BAR International Series$v684 700 1$aMigotti$b, Branka$3A600200028793$4070$0663185 801 0$aIT$bUNISOB$c20210721$gRICA 850 $aUNISOB 852 $aUNISOB$j930|Coll|4|K$m123754 912 $aE600200007028 940 $aM 102 Monografia moderna SBN 941 $aM 957 $a930|Coll|4|K$b000009$gSi$d123754$racquisto$1beth$2UNISOB$3UNISOB$420041110074014.0$520210721085143.0$6Alfano 996 $aEvidence for Christianity in Roman Southern Pannonia (Northern Croatia)$91670137 997 $aUNISOB LEADER 01292nam0 22003011i 450 001 UON00463719 005 20231205105135.234 100 $a20160125d1984 |0itac50 ba 101 $aeng$aPER 102 $aIR 105 $a|||| 1|||| 200 1 $aGuide to the decorative arts museum of Iran$fText by Abolfazl Za?beh$gEnglish translation by Claude Karbassi 205 $aTehran : Ministry of Islamic Guidance Press$b1984 210 $a[84] p.$cill. ; 22 cm 215 $aAltro front in persiano 510 1$3UON00463721$aRa?hnima?-yi Muzih-yi Hunarh?a?-yi Tazi??ni?-i Iran 606 $aArte$xIran$xMusei$xGuide$3UONC088708$2FI 620 $aIR$dTihra?n$3UONL005570 686 $aIRA IX M$cIRAN - ARTI - MUSEI E COLLEZIONI PRIVATE$2A 700 1$aZABEH$bAbolfazl$3UONV229929$0719888 702 1$aKARBASSI$bClaude$3UONV229930 712 $aMinistry of Islamic Guidance Press$3UONV281972$4650 801 $aIT$bSOL$c20250530$gRICA 899 $aSIBA - SISTEMA BIBLIOTECARIO DI ATENEO$2UONSI 912 $aUON00463719 950 $aSIBA - SISTEMA BIBLIOTECARIO DI ATENEO$dSI IRA IX M 010 $eSI 16135 7 010 996 $aGuide to the decorative arts museum of Iran$91398158 997 $aUNIOR